| 000 | 00997nam a2200289 i 4500 | ||
|---|---|---|---|
| 003 | EG-ScBUE | ||
| 005 | 20231126130404.0 | ||
| 008 | 110821s1988 ua 000 0 ara d | ||
| 017 | _a88 / 4750 | ||
| 020 | _a9771471015 | ||
| 040 |
_aEG-ScBUE _bara _erda _cEG-ScBUE _dEG-ScBUE |
||
| 082 | 0 | 4 |
_222 _a933.05 _bهـ ض ي |
| 100 | 1 |
_926825 _aهضيبي، سمير، _eمؤلف. |
|
| 245 | 1 | 0 |
_aلوحات من نهاية أورشيلم / _cسمير الهضيبي. |
| 250 | _aالطبعة الأولى. | ||
| 264 | 1 |
_aالقاهرة : _bدار الأمة الإسلامية، _c1988. |
|
| 300 |
_a473 صفحة ؛ _c24 سم |
||
| 336 |
_2rdacontent _aنص _btxt |
||
| 337 |
_aبدون وسيط _2rdamedia _bn |
||
| 338 |
_aمجلد _bnc _2rdacarrier |
||
| 650 | 7 |
_926826 _aالدين _xتاريخ. _2BUEsh |
|
| 650 | 7 |
_926827 _aاليهودية _zفلسطين. _2BUEsh |
|
| 650 | 7 |
_926828 _aالمسيحية _zفلسطين. _2BUEsh |
|
| 653 | _cAugust2011 | ||
| 655 | _vReading book | ||
| 942 |
_2ddc _cBB |
||
| 999 |
_c15886 _d15886 |
||